000 00827nam a22002415i 4500
001 158143
003 ES-MaACL
005 20230906211032.0
008 040823s1893 fr |||| | fre d
040 _aCAM
_bspa
_cCAM
100 1 _aLoti, Pierre.
_974298
245 1 0 _aFleurs d'ennui
_b; Pasquala Ivanovitch ; Voyage au Monténégro ; Suleima /
_cpar Pierre Loti.
250 _a17e éd.
260 _aParis :
_bCalmann Lévy éditeur,
_c1893 (
_eImp. de Lagny :
_fEmile Colin)
300 _aIV, 380 p. ;
_c18 cm.
490 1 _aBibliothèque contemporaine
598 _aSerie tomada de la cub. original.
740 0 1 _aPasquala Ivanovitch.
740 0 1 _aSuleima.
830 0 _aBibliothèque contemporaine
_9181673
852 _aES-MaACL
_jB-40
_z-- Enc. hol. conservando la cub. original
999 _c158143
_d158143